[Event "Tournoi Skype 028B"]
[Site "Skype"]
[Date "????.??.??"]
[Round "2.25"]
[White "Gomez Caballero, Blas"]
[Black "Hargez, Dany"]
[Result "0-1"]
[WhiteElo "1000"]
[BlackElo "1296"]
[PlyCount "34"]

1. d4 d5 2. Nf3 Bf5 3. e3 Nf6 4. Bd3 Be4 5. Nc3 e6 6. Bd2 Bd6 7. Qe2 Nc6 8.
O-O-O a5 9. Bb5 O-O 10. Bxc6 bxc6 11. Nxe4 Nxe4 12. Ne5 Bb4 13. Bxb4 axb4 14.
Kb1 Qd6 15. f3 Nc3+ 16. bxc3 bxc3 17. Rd3 Qa3 0-1

[Event "Tournoi Skype 028B"]
[Site "Skype"]
[Date "????.??.??"]
[Round "2.26"]
[White "Quispe, Alberto"]
[Black "Yepes Bermudez, Maribel"]
[Result "0-1"]
[WhiteElo "1000"]
[BlackElo "1287"]
[PlyCount "104"]

1. e4 d5 2. exd5 Qxd5 3. Nf3 Nf6 4. Nc3 Qa5 5. d4 c6 6. Bd2 Bf5 7. Ne4 Qc7 8.
Nxf6+ gxf6 9. Bc3 Nd7 10. Bd3 Bg6 11. O-O e6 12. Re1 Bd6 13. g3 Bh5 14. Kg2
O-O-O 15. a4 Rdg8 16. Qd2 Bf4 17. Qe2 Rg7 18. Kh1 Bd6 19. Qe4 Bg6 20. Qh4 Bxd3
21. cxd3 h5 22. d5 Rg4 23. Qh3 exd5 24. Nd4 Be5 25. Nf5 d4 26. Bd2 Nc5 27. Ra3
Qd7 28. Nh6 Qd5+ 29. Kg1 Qf3 30. Nxg4 Qxg4 31. Qg2 Ne6 32. Re4 Qd1+ 33. Be1 Ng5
34. Kf1 Nxe4 35. Qxe4 Qc2 36. Qe2 Qc5 37. b4 Qd5 38. f3 Qe6 39. Kg2 Rg8 40. h4
Qd5 41. Kh2 Qd6 42. Qg2 Bf4 43. Ra2 Kb8 44. Re2 Qd8 45. Re4 Be5 46. f4 Bc7 47.
Bf2 Bb6 48. a5 f5 49. Re2 Bc7 50. Qh1 Bd6 51. Bxd4 Bxb4 52. Bxa7+ Kxa7 0-1

[Event "Tournoi Skype 028B"]
[Site "Skype"]
[Date "????.??.??"]
[Round "2.27"]
[White "Souza, Jeferson De Oliveira"]
[Black "Khatanhar, Mohit"]
[Result "0-1"]
[WhiteElo "1000"]
[BlackElo "1266"]
[PlyCount "86"]

1. e4 e5 2. Nf3 d6 3. Bc4 h6 4. d3 Bg4 5. h3 Bxf3 6. Qxf3 Nf6 7. O-O Be7 8. c3
c6 9. Be3 Nbd7 10. d4 exd4 11. cxd4 O-O 12. e5 dxe5 13. dxe5 Nxe5 14. Bxf7+
Rxf7 15. Qg3 Ng6 16. Nc3 Qd3 17. Rad1 Qf5 18. f4 Raf8 19. Rf3 Nh5 20. Qf2 Bh4
21. g3 Bxg3 22. Rxg3 Nxg3 23. Qxg3 Nxf4 24. Bxf4 Qxf4 25. Qxf4 Rxf4 26. Ne2 Rf2
27. Ng3 Rxb2 28. a4 Ra2 29. h4 Rxa4 30. h5 Ra2 31. Re1 Rff2 32. Re8+ Kf7 33.
Re1 Rg2+ 34. Kh1 Rxg3 35. Rf1+ Kg8 36. Rg1 Rxg1+ 37. Kxg1 g6 38. hxg6 Kg7 39.
Kf1 h5 40. Ke1 h4 41. Kd1 h3 42. Kc1 h2 43. Kb1 Rg2 0-1

[Event "Tournoi Skype 028B"]
[Site "Skype"]
[Date "????.??.??"]
[Round "2.28"]
[White "Rodriguez, Nathalie"]
[Black "Santos, Cleidilan"]
[Result "1/2-1/2"]
[WhiteElo "1266"]
[BlackElo "1000"]
[PlyCount "117"]

1. d4 d5 2. Bf4 Bf5 3. e3 e6 4. Nc3 Bb4 5. a3 Bxc3+ 6. bxc3 Nf6 7. h3 Nbd7 8.
Nf3 c5 9. dxc5 Nxc5 10. Bb5+ Ncd7 11. Bxd7+ Qxd7 12. Ne5 Qa4 13. O-O Qxc2 14.
Qxc2 Bxc2 15. Rac1 Ba4 16. c4 dxc4 17. Rxc4 Bb5 18. Rc7 Bxf1 19. Kxf1 O-O 20.
Rxb7 Nd5 21. Nd7 Rfd8 22. Ne5 Nc3 23. g3 Ne4 24. Nxf7 Rd1+ 25. Kg2 Rd2 26. Kf3
Nxf2 27. Ng5 Ra2 28. Nxe6 Nxh3 29. Rxg7+ Kh8 30. Ng5 Nxg5+ 31. Rxg5 Rf8 32. Kg4
h6 33. Be5+ Kh7 34. Rg7+ Kh8 35. Rg6+ Kh7 36. Rg7+ Kh8 37. Kh5 Rh2+ 38. Kg4 h5+
39. Kg5 Rg8 40. Rg6+ Kh7 41. Rxg8 Kxg8 42. e4 Kf7 43. Bf4 Ke6 44. g4 Ra2 45.
gxh5 Rxa3 46. Kg6 Ra4 47. h6 Rxe4 48. Bg5 Kd7 49. Bf6 a5 50. Ba1 a4 51. Kf5 a3
52. Kxe4 Kc6 53. Kd3 Kb5 54. Kc2 Ka4 55. Kb1 Kb3 56. Kc1 a2 57. Kd1 Ka3 58. Kc1
Kb3 59. Kd1 1/2-1/2

[Event "Tournoi Skype 028B"]
[Site "Skype"]
[Date "????.??.??"]
[Round "2.29"]
[White "Le Bouill, Pierre"]
[Black "Sosa, Juan Carlos"]
[Result "1-0"]
[WhiteElo "1252"]
[BlackElo "1000"]
[PlyCount "107"]

1. e4 e5 2. Bc4 Nf6 3. d3 Bc5 4. Nf3 Ng4 5. O-O h6 6. h3 Nf6 7. Nxe5 O-O 8. Nf3
Nc6 9. c3 d6 10. b4 Bb6 11. Be3 Bxe3 12. fxe3 Nh5 13. Qe1 Ne5 14. Nbd2 Nxc4 15.
Nxc4 Be6 16. Ncd2 f5 17. e5 dxe5 18. Nxe5 Qf6 19. d4 Rad8 20. Ng4 Qg5 21. Ne5
Bd5 22. Ndf3 Qf6 23. a3 b6 24. Rc1 f4 25. e4 Bxe4 26. Qxe4 Ng3 27. Qd3 Nxf1 28.
Rxf1 c5 29. bxc5 bxc5 30. Qc4+ Kh8 31. Qxc5 Rc8 32. Qb4 Qb6 33. Qxb6 axb6 34.
Nd7 Rfe8 35. Nxb6 Rxc3 36. a4 Re2 37. Nd5 Rcc2 38. Nxf4 Re4 39. Nd5 Ra2 40. Nc3
Rxa4 41. Nxa4 g5 42. g4 Kg7 43. Nc5 Re2 44. Rd1 Re3 45. Kf2 Ra3 46. Ne5 Rxh3
47. Kg2 Ra3 48. Rf1 Ra2+ 49. Kg3 Rd2 50. Ne6+ Kg8 51. Rf8+ Kh7 52. Rf7+ Kg8 53.
Rg7+ Kh8 54. Ng6# 1-0

[Event "Tournoi Skype 028B"]
[Site "Skype"]
[Date "????.??.??"]
[Round "2.30"]
[White "Chavez, Isidro"]
[Black "Suazo, Olvin"]
[Result "0-1"]
[WhiteElo "1227"]
[BlackElo "1000"]
[PlyCount "85"]

1. e4 e5 2. Nf3 Nc6 3. h3 Nf6 4. Nc3 Bc5 5. Bc4 O-O 6. O-O Nxe4 7. Nxe4 d5 8.
Nxc5 dxc4 9. d3 b6 10. Ne4 cxd3 11. Be3 Re8 12. a3 Ba6 13. Re1 Na5 14. Rc1 Nc4
15. b3 Nb2 16. Qd2 dxc2 17. Rxc2 Nd3 18. Rd1 f5 19. Neg5 h6 20. Nh4 hxg5 21.
Bxg5 Qd7 22. Nf3 e4 23. Ne1 Qb5 24. Rc3 Qe5 25. Nxd3 exd3 26. Bf4 Qe2 27. Be3
Qxd2 28. Rxd2 c5 29. Bf4 Re4 30. g3 Rae8 31. Be3 Kf7 32. Kg2 Bb7 33. Kh2 Ba6
34. Rc1 c4 35. bxc4 Rxc4 36. Rxc4 Bxc4 37. Rd1 Re6 38. Rc1 Bb3 39. Rc7+ Re7 40.
Rxe7+ Kxe7 41. Bd2 a5 42. h4 Ke6 43. h5 0-1

[Event "Tournoi Skype 028B"]
[Site "Skype"]
[Date "????.??.??"]
[Round "2.31"]
[White "Urda, Carlos Mario"]
[Black "Moumtaz, Abderrahim"]
[Result "1-0"]
[WhiteElo "1000"]
[BlackElo "1226"]
[PlyCount "109"]

1. c4 e5 2. Nc3 Nf6 3. g3 c6 4. Nf3 d6 5. Bg2 Bf5 6. d3 Nbd7 7. a3 Be7 8. b4 a6
9. Bb2 O-O 10. Na4 b5 11. Nh4 Be6 12. Bxc6 Rc8 13. cxb5 axb5 14. Bxb5 Rb8 15.
Nc3 Nh5 16. Nf3 d5 17. Bxd7 Qxd7 18. Nxe5 Qc7 19. Nf3 Bf6 20. Rc1 Qd7 21. e4 d4
22. Nxd4 Qxd4 23. Na4 Qd8 24. Qxh5 Qxd3 25. Qe2 Qxe2+ 26. Kxe2 Bg5 27. Rc5 f6
28. f4 Bh6 29. Rc6 Bg4+ 30. Kf2 Rfd8 31. Bc3 Rd3 32. Nb2 Rf3+ 33. Kg2 Re3 34.
e5 fxe5 35. Bxe5 Rd8 36. Rf1 Rxa3 37. Nc4 Ra2+ 38. Rf2 Rxf2+ 39. Kxf2 Bd7 40.
Rd6 Kf7 41. b5 Ke7 42. b6 Bc8 43. Rxd8 Kxd8 44. Ke3 Bb7 45. Kd4 Kd7 46. Kc5 g6
47. g4 Bf8+ 48. Bd6 Bxd6+ 49. Nxd6 Bf3 50. f5 gxf5 51. gxf5 Bg4 52. f6 Kd8 53.
f7 Ke7 54. f8=Q+ Kxf8 55. b7 1-0

[Event "Tournoi Skype 028B"]
[Site "Skype"]
[Date "????.??.??"]
[Round "2.32"]
[White "Thavorath, Nirandas"]
[Black "Vaswani, Manohar"]
[Result "0-1"]
[WhiteElo "1226"]
[BlackElo "1000"]
[PlyCount "114"]

1. e4 e5 2. Nf3 Nc6 3. c3 Bc5 4. d4 exd4 5. cxd4 Bb6 6. Nc3 d6 7. Bc4 Bg4 8.
Bg5 Nge7 9. h3 Bh5 10. Be2 O-O 11. Nh4 Bxe2 12. Nxe2 h6 13. Be3 Re8 14. O-O Qd7
15. Ng3 Qe6 16. d5 Qf6 17. dxc6 Qxh4 18. cxb7 Rab8 19. Bxb6 axb6 20. Qf3 Qf6
21. Qg4 Rxb7 22. Nh5 Qg6 23. Qf3 c6 24. Rfe1 Rbb8 25. e5 d5 26. Rac1 Nf5 27.
Nf4 Qg5 28. e6 fxe6 29. Nxe6 Rxe6 30. Rxe6 Qxc1+ 31. Kh2 Nd4 32. Qg3 Rf8 33.
Rg6 Nf5 34. Qe5 Qc2 35. Kg1 Kh7 36. Rg4 Qd1+ 37. Kh2 Qd3 38. Qe6 Rf6 39. Qe1
Rg6 40. Rf4 Nd4 41. Qe5 Re6 42. Qxd4 Qxd4 43. Rxd4 Kg6 44. b4 Kf6 45. b5 Ke5
46. Rg4 g5 47. bxc6 Rxc6 48. h4 gxh4 49. f4+ Ke4 50. Rxh4 d4 51. f5+ Ke3 52.
Rh3+ Ke2 53. Rf3 d3 54. f6 d2 55. f7 Rc8 56. Rf2+ Kxf2 57. f8=Q+ Rxf8 0-1

[Event "Tournoi Skype 028B"]
[Site "Skype"]
[Date "????.??.??"]
[Round "2.33"]
[White "Yepez, German"]
[Black "Rosenkoetter, David"]
[Result "1-0"]
[WhiteElo "1000"]
[BlackElo "1216"]
[PlyCount "49"]

1. e4 c5 2. Nf3 d6 3. c3 Nc6 4. d4 cxd4 5. cxd4 Nf6 6. Nc3 Bg4 7. Be2 g6 8. Be3
Bg7 9. h3 Bxf3 10. Bxf3 Qc7 11. Qd2 O-O 12. O-O e5 13. Nd5 Nxd5 14. exd5 Nxd4
15. Rac1 Nxf3+ 16. gxf3 Qd7 17. Kh2 Rac8 18. Bh6 Bxh6 19. Qxh6 Rxc1 20. Rxc1
Rc8 21. Rxc8+ Qxc8 22. Qd2 Qd7 23. Qc3 a6 24. b3 Qc6 25. dxc6 1-0

[Event "Tournoi Skype 028B"]
[Site "Skype"]
[Date "????.??.??"]
[Round "2.34"]
[White "Bucherie, Volcy"]
[Black "Crocioni, Luca"]
[Result "0-1"]
[WhiteElo "1336"]
[BlackElo "1000"]
[PlyCount "70"]

1. d4 d5 2. c4 Nf6 3. Nc3 Bf5 4. Bf4 h6 5. Nb5 Kd7 6. Nxc7 Nc6 7. Nxa8 Qxa8 8.
Qa4 e6 9. cxd5 Nxd5 10. e4 Bxe4 11. Bc4 Bxg2 12. Bxd5 Bxd5 13. f3 Bb4+ 14. Ke2
Ke7 15. Be5 f6 16. a3 Ba5 17. b4 Bb6 18. Ke3 fxe5 19. b5 Bxd4+ 20. Kd3 e4+ 21.
fxe4 Bxa1 22. exd5 Ne5+ 23. Ke4 exd5+ 24. Kxd5 Qd8+ 25. Ke4 Kf6 26. Nf3 Nxf3
27. Rxa1 Ne5 28. Rd1 Qe8 29. Rd6+ Kg5 30. Kd5 Rf8 31. h4+ Kh5 32. Re6 Qf7 33.
Kxe5 Qf5+ 34. Kd6 Rd8+ 35. Ke7 Qf8# 0-1

[Event "Tournoi Skype 028B"]
[Site "Skype"]
[Date "????.??.??"]
[Round "2.35"]
[White "De Nobrega, George"]
[Black "Santamaria Garcia, Jesus"]
[Result "1-0"]
[WhiteElo "1295"]
[BlackElo "1022"]
[PlyCount "61"]

1. e4 e5 2. Nf3 Nc6 3. Bc4 h6 4. a3 Nf6 5. Nc3 Bc5 6. Qe2 O-O 7. O-O Re8 8. d3
d5 9. Nxd5 Nxd5 10. Bxd5 Be6 11. Bxc6 bxc6 12. Nxe5 Qd6 13. Nf3 Bg4 14. Be3 f5
15. Bxc5 Qxc5 16. h3 Bh5 17. Qd2 Rad8 18. exf5 Qxf5 19. Nh2 Qd7 20. Qa5 Re2 21.
Qxh5 Rxc2 22. b4 Qxd3 23. Rad1 Rd2 24. Ra1 Qd4 25. Nf3 Qxa1 26. Rxa1 Rd1+ 27.
Rxd1 Rxd1+ 28. Kh2 Rb1 29. Qe8+ Kh7 30. Qxc6 Rxb4 31. axb4 1-0

[Event "Tournoi Skype 028B"]
[Site "Skype"]
[Date "????.??.??"]
[Round "2.36"]
[White "Parrales, Rodolfo"]
[Black "Busto, Ricardo"]
[Result "0-1"]
[WhiteElo "1000"]
[BlackElo "1210"]
[PlyCount "72"]

1. e4 c5 2. Nf3 d6 3. h3 Nf6 4. Nc3 e6 5. d4 cxd4 6. Nxd4 a6 7. Nb3 Nc6 8. Bf4
Be7 9. e5 dxe5 10. Qxd8+ Bxd8 11. Bg5 O-O 12. O-O-O Be7 13. Bxf6 Bxf6 14. h4 b5
15. Nc5 Be7 16. N3e4 f5 17. Ng5 Bxc5 18. Bd3 e4 19. Be2 Bxf2 20. Kb1 Bc5 21. h5
h6 22. Nh3 Nd4 23. Nf4 Nxe2 24. Nxe2 Bb7 25. Rd7 Rab8 26. Nf4 Rfd8 27. Rxd8+
Rxd8 28. Nxe6 Rc8 29. Rd1 e3 30. Re1 Bb6 31. g3 Be4 32. Nf4 Bxc2+ 33. Ka1 Rd8
34. Ng6 Rd1+ 35. Rxd1 Bxd1 36. Kb1 e2 0-1

[Event "Tournoi Skype 028B"]
[Site "Skype"]
[Date "????.??.??"]
[Round "2.37"]
[White "Baker, Abi"]
[Black "Vaquero, Roberto"]
[Result "0-1"]
[WhiteElo "1188"]
[BlackElo "1000"]
[PlyCount "76"]

1. c4 c5 2. Nc3 Nf6 3. e4 d6 4. d3 g6 5. Be3 Bg7 6. Qc2 b6 7. O-O-O O-O 8. f4
e6 9. Nf3 Bd7 10. g3 a6 11. Bg2 b5 12. d4 b4 13. e5 Ng4 14. Qe4 d5 15. cxd5
bxc3 16. dxe6 cxb2+ 17. Kxb2 Qb6+ 18. Kc3 Nxe3 19. Qxe3 Qb4+ 20. Kd3 Bb5+ 21.
Ke4 fxe6 22. Ng5 Bc6+ 23. Kd3 c4+ 24. Ke2 Bxg2 25. Nxe6 Bxh1 26. Nxf8 Bd5 27.
Nxh7 Kxh7 28. g4 Nc6 29. Qh3+ Kg8 30. f5 Qb2+ 31. Rd2 Nxd4+ 32. Ke3 Qc3+ 33.
Kf4 Qxd2+ 34. Kg3 Qe1+ 35. Kf4 Bxe5+ 36. Kg5 gxf5 37. gxf5 Qd2+ 38. Kg6 Bf7#
0-1

[Event "Tournoi Skype 028B"]
[Site "Skype"]
[Date "????.??.??"]
[Round "2.38"]
[White "Jimenez Del Rosario, Alsis Raynely"]
[Black "Bendre, Pankaj"]
[Result "0-1"]
[WhiteElo "1000"]
[BlackElo "1182"]
[PlyCount "78"]

1. e4 e6 2. e5 d5 3. Nf3 c5 4. d4 Nc6 5. dxc5 Bxc5 6. a3 Qc7 7. Nc3 a6 8. b4
Bb6 9. b5 Nxe5 10. bxa6 bxa6 11. Bb2 Nf6 12. Bd3 Ba5 13. O-O Bxc3 14. Bxc3 Qxc3
15. Nxe5 Qxe5 16. Qf3 O-O 17. c4 Bb7 18. Rab1 Qc7 19. Rfc1 Bc6 20. cxd5 exd5
21. Re1 Rfe8 22. Rxe8+ Nxe8 23. Rc1 Qd6 24. Bxa6 Rxa6 25. Ra1 h6 26. Qb3 Ra8
27. a4 Nc7 28. a5 Bb5 29. g3 d4 30. h4 Qc5 31. Kg2 Bc6+ 32. f3 Qb5 33. Qxb5
Bxb5 34. Rc1 Nd5 35. Rc5 Rxa5 36. Rxd5 Bf1+ 37. Kxf1 Rxd5 38. Ke1 Re5+ 39. Kd2
Re3 0-1

[Event "Tournoi Skype 028B"]
[Site "Skype"]
[Date "????.??.??"]
[Round "2.39"]
[White "Guillaume, Mickael"]
[Black "Orellana, Claudia"]
[Result "1-0"]
[WhiteElo "1106"]
[BlackElo "1000"]
[PlyCount "43"]

1. e4 e5 2. Bc4 Nf6 3. Nc3 c6 4. Nf3 d5 5. exd5 cxd5 6. Bb3 Nbd7 7. O-O Bc5 8.
d3 Nh5 9. Nxd5 a5 10. Re1 O-O 11. Nxe5 Qh4 12. Qf3 Ra6 13. Re4 Bxf2+ 14. Qxf2
Qxf2+ 15. Kxf2 f6 16. Nxf6+ Kh8 17. Nexd7 Rfxf6+ 18. Nxf6 gxf6 19. Bh6 Bd7 20.
Rae1 f5 21. Re8+ Bxe8 22. Rxe8# 1-0

[Event "Tournoi Skype 028B"]
[Site "Skype"]
[Date "????.??.??"]
[Round "2.40"]
[White "Tolaro, Filippa"]
[Black "Raudales, Victor"]
[Result "0-1"]
[WhiteElo "1065"]
[BlackElo "1340"]
[PlyCount "66"]

1. Nf3 d5 2. d4 Bg4 3. Nbd2 Nc6 4. b3 e6 5. Bb2 Nf6 6. e3 Bb4 7. Be2 O-O 8. a3
Bxd2+ 9. Qxd2 Nxd4 10. exd4 Ne4 11. Qd3 c5 12. dxc5 Qa5+ 13. b4 Qc7 14. Qd4 f6
15. h3 Bxf3 16. Bxf3 Rad8 17. Bxe4 e5 18. Qe3 dxe4 19. O-O f5 20. f4 exf3 21.
Rxf3 e4 22. Qb3+ Kh8 23. Re3 Qf4 24. Re2 Rd2 25. Qc3 Rd7 26. g3 Qh6 27. h4 Rfd8
28. Kf2 f4 29. Rd1 Rxd1 30. gxf4 Qxf4+ 31. Kg2 Qg4+ 32. Kf2 Rf8+ 33. Ke3 Qf3#
0-1

[Event "Tournoi Skype 028B"]
[Site "Skype"]
[Date "????.??.??"]
[Round "2.41"]
[White "Luunge, Abdi"]
[Black "Berbedes, Jorgelina"]
[Result "0-1"]
[WhiteElo "1320"]
[BlackElo "1061"]
[PlyCount "60"]

1. d4 Nf6 2. c4 c5 3. e3 a5 4. Nc3 cxd4 5. exd4 Nc6 6. Bf4 d6 7. c5 dxc5 8. Nb5
Nd5 9. Bg3 e6 10. Nf3 cxd4 11. a3 Bc5 12. Be2 Qb6 13. O-O O-O 14. Qc2 Bd7 15.
Ng5 f5 16. Bd3 h6 17. Nf3 f4 18. Bh7+ Kh8 19. Bh4 Qxb5 20. Bd3 Qb6 21. Rab1 g5
22. Bxg5 hxg5 23. Nxg5 Ne5 24. Be2 Rf5 25. h4 d3 26. Bxd3 Nxd3 27. Qxd3 Bb5 28.
Qf3 Bxf1 29. Rxf1 Nf6 30. Nxe6 Qxe6 0-1

[Event "Tournoi Skype 028B"]
[Site "Skype"]
[Date "????.??.??"]
[Round "2.42"]
[White "Barrionuevo, Hilario"]
[Black "Codina, Teresa"]
[Result "1-0"]
[WhiteElo "1058"]
[BlackElo "1310"]
[PlyCount "55"]

1. d4 Nf6 2. Bg5 d5 3. Nf3 e6 4. e3 Bd6 5. c4 c5 6. cxd5 exd5 7. Bb5+ Bd7 8. a4
O-O 9. Nbd2 Bxb5 10. axb5 Nbd7 11. e4 dxe4 12. Nxe4 Re8 13. Qd3 h6 14. Bh4 Bc7
15. O-O Qe7 16. Rfe1 Qd8 17. Rad1 Ba5 18. Re2 Qb6 19. Bxf6 Nxf6 20. Nfg5 hxg5
21. Nxg5 g6 22. Qf3 Rxe2 23. Qxe2 Rd8 24. h4 Kg7 25. h5 Nxh5 26. Qe5+ Nf6 27.
Qe7 Kh6 28. Nxf7+ 1-0

[Event "Tournoi Skype 028B"]
[Site "Skype"]
[Date "????.??.??"]
[Round "2.43"]
[White "Vervoort, Jean-Louis"]
[Black "Schuh, David"]
[Result "1-0"]
[WhiteElo "1273"]
[BlackElo "1057"]
[PlyCount "25"]

1. d4 Nf6 2. Bf4 d5 3. c3 Bf5 4. e3 e6 5. Bd3 Bxd3 6. Qxd3 Bd6 7. Bg3 Bxg3 8.
hxg3 Nbd7 9. Nd2 O-O 10. O-O-O c6 11. Ngf3 Qa5 12. Kb1 Ng4 13. Qxh7# 1-0

[Event "Tournoi Skype 028B"]
[Site "Skype"]
[Date "????.??.??"]
[Round "2.44"]
[White "Torres, Vicky"]
[Black "Franca, Diego"]
[Result "0-1"]
[WhiteElo "1055"]
[BlackElo "1260"]
[PlyCount "104"]

1. e4 c6 2. Nc3 d5 3. d4 dxe4 4. Nxe4 Bf5 5. Ng3 Bg6 6. c3 Nf6 7. Nf3 Nbd7 8.
Bc4 e6 9. O-O Bd6 10. Bg5 Qb6 11. Bxf6 Nxf6 12. Qe2 O-O 13. Bb3 Bxg3 14. fxg3
Rfe8 15. Kh1 a5 16. Rab1 a4 17. Bc2 Bxc2 18. Qxc2 c5 19. a3 cxd4 20. Nxd4 Rec8
21. Qd3 Qa6 22. Qe3 Nd5 23. Qf3 Rc7 24. Qg4 Ne3 25. Qf4 Nxf1 26. Qxc7 Nd2 27.
Rd1 h6 28. h4 Ne4 29. Kh2 Nd6 30. Nf3 Nc4 31. Rb1 Qc6 32. Qf4 Rc8 33. g4 Qc7
34. Qxc7 Rxc7 35. Kg3 Rc5 36. Kh3 Rb5 37. Nd4 Rxb2 38. Re1 Nxa3 39. g3 Nc2 40.
Nxc2 Rxc2 41. Ra1 b5 42. Ra3 Kf8 43. g5 hxg5 44. hxg5 Ke7 45. Kg4 Kd6 46. Kf3
Ke5 47. Ke3 Kf5 48. Kd3 Rg2 49. Kd4 Rxg3 50. Kc5 f6 51. Kxb5 fxg5 52. c4 Rxa3
0-1

[Event "Tournoi Skype 028B"]
[Site "Skype"]
[Date "????.??.??"]
[Round "2.45"]
[White "Hernandez, Enrique"]
[Black "Battaglia, Gabriele"]
[Result "1-0"]
[WhiteElo "1009"]
[BlackElo "1245"]
[PlyCount "69"]

1. e4 c5 2. Nf3 Nc6 3. d4 cxd4 4. Nxd4 Nf6 5. Nc3 d6 6. Be2 g6 7. Be3 Bg7 8.
O-O O-O 9. Qd2 Re8 10. Nxc6 bxc6 11. Rad1 Ng4 12. Bf4 Rb8 13. Na4 Bd7 14. Rb1
c5 15. Nxc5 Rxb2 16. Rxb2 Bxb2 17. Nxd7 Qxd7 18. c3 Ba3 19. Qd1 Nf6 20. Qb3 Rc8
21. Qxa3 Nxe4 22. c4 Qc7 23. Qd3 Nf6 24. Bc1 Kg7 25. Bb2 Rb8 26. Rb1 Kg8 27.
Bxf6 Rxb1+ 28. Qxb1 exf6 29. a4 Kg7 30. Qb5 Qe7 31. Bf1 Qc7 32. a5 Qe7 33. a6
Qc7 34. Qb7 Qb6 35. Qxb6 1-0

[Event "Tournoi Skype 028B"]
[Site "Skype"]
[Date "????.??.??"]
[Round "2.47"]
[White "Almendares, Maximo"]
[Black "Porcabeuf, Jean-Marc"]
[Result "1-0"]
[WhiteElo "1000"]
[BlackElo "1229"]
[PlyCount "31"]

1. e4 c5 2. Nf3 Nc6 3. c3 d6 4. d4 cxd4 5. cxd4 Nf6 6. Nc3 h6 7. Be2 e5 8. d5
Ne7 9. Qc2 Ng6 10. Nb5 Nxe4 11. Nc7+ Qxc7 12. Qxc7 Be7 13. h4 Bg4 14. Nh2 Bxe2
15. Kxe2 Nf4+ 16. Bxf4 1-0

[Event "Tournoi Skype 028B"]
[Site "Skype"]
[Date "????.??.??"]
[Round "2.48"]
[White "Malbec, Robert"]
[Black "Neculman, Mario"]
[Result "1-0"]
[WhiteElo "1214"]
[BlackElo "1006"]
[PlyCount "95"]

1. e4 c5 2. Nf3 d6 3. d4 cxd4 4. Nxd4 Nf6 5. Nc3 a6 6. Bg5 e6 7. f4 Be7 8. Bd3
O-O 9. Qf3 Nc6 10. Nb3 e5 11. f5 Nd4 12. Nxd4 exd4 13. Ne2 Qa5+ 14. c3 dxc3 15.
Nxc3 Bd7 16. Bd2 Qb6 17. O-O-O a5 18. Be3 Qc7 19. Kb1 a4 20. Rc1 d5 21. Nxd5
Qe5 22. Bf4 Qd4 23. Rc4 Qa7 24. Nxe7+ Kh8 25. a3 b5 26. Rb4 Be8 27. Nd5 Nxd5
28. exd5 Bd7 29. Qh5 f6 30. Rc1 Be8 31. Qg4 Qd7 32. Be4 Bf7 33. Rd1 Rae8 34.
Qf3 Rc8 35. Rc1 Rxc1+ 36. Bxc1 Qa7 37. Qf1 Qc5 38. Qxb5 Qe7 39. Qxa4 Be8 40.
Qd1 Bf7 41. d6 Qd7 42. Bf4 Be8 43. Qf3 Qa7 44. Qe3 Qa6 45. Qd4 Qf1+ 46. Bc1 Bd7
47. Qc4 Rc8 48. Qxf1 1-0

[Event "Tournoi Skype 028B"]
[Site "Skype"]
[Date "????.??.??"]
[Round "2.49"]
[White "Conde, Carmen"]
[Black "Bland, Marilyn"]
[Result "1-0"]
[WhiteElo "1207"]
[BlackElo "1000"]
[PlyCount "43"]

1. e4 e5 2. Bc4 Nc6 3. c3 Nf6 4. Nf3 d6 5. d4 Nxe4 6. dxe5 Be6 7. Bb3 Be7 8.
Qe2 Ng5 9. Nbd2 O-O 10. Nxg5 Bxg5 11. Nf3 Bh6 12. Bxh6 Bg4 13. Bg5 Qe7 14. Bxe7
Nxe7 15. Qe4 Bf5 16. Qh4 Ng6 17. Qg5 Be6 18. Bc2 h6 19. Qg3 dxe5 20. Nxe5 Rae8
21. O-O-O Bxa2 22. Nd7 1-0

[Event "Tournoi Skype 028B"]
[Site "Skype"]
[Date "????.??.??"]
[Round "2.50"]
[White "Cifuentes, Jorge Mario"]
[Black "Reese, Evan"]
[Result "1/2-1/2"]
[WhiteElo "1000"]
[BlackElo "1178"]
[PlyCount "69"]

1. e4 e5 2. Nf3 Nc6 3. Bc4 g6 4. d3 Bg7 5. O-O Nge7 6. Ng5 d5 7. exd5 Nxd5 8.
Qf3 Be6 9. Nc3 Nd4 10. Nxe6 fxe6 11. Qg4 O-O 12. Ne4 Qd7 13. Be3 Nxc2 14. Rac1
Ncxe3 15. fxe3 c6 16. Rce1 Rae8 17. Ng5 Rxf1+ 18. Rxf1 Nxe3 19. Bxe6+ Rxe6 20.
Qxe6+ Qxe6 21. Nxe6 Nxf1 22. Kxf1 b6 23. g4 c5 24. Ke1 Kf7 25. Ng5+ Ke7 26.
Nxh7 e4 27. Kd2 Bxb2 28. dxe4 Ke6 29. Nf8+ Ke5 30. Nxg6+ Kxe4 31. g5 c4 32. Kc2
c3 33. Ne7 Ba3 34. Nc6 a5 35. Kxc3 1/2-1/2

[Event "Tournoi Skype 028B"]
[Site "Skype"]
[Date "????.??.??"]
[Round "2.51"]
[White "Linares Vernet, Ana"]
[Black "Chamorro Cajina, Ivan Antonio"]
[Result "1-0"]
[WhiteElo "1175"]
[BlackElo "1000"]
[PlyCount "31"]

1. d4 d5 2. Nf3 Nc6 3. e3 f6 4. c4 dxc4 5. Bxc4 e6 6. O-O Bd7 7. Nc3 Qe7 8. Nb5
O-O-O 9. Bd2 e5 10. d5 Nb4 11. Nc3 e4 12. Nd4 Qc5 13. a3 Qxc4 14. axb4 Qxb4 15.
Rxa7 Bc5 16. Ra8# 1-0

[Event "Tournoi Skype 028B"]
[Site "Skype"]
[Date "????.??.??"]
[Round "2.52"]
[White "Bonilla, Cesar"]
[Black "Ferreira Da Costa, Josafa"]
[Result "1-0"]
[WhiteElo "1172"]
[BlackElo "1000"]
[PlyCount "65"]

1. d4 g6 2. Bf4 Bg7 3. e3 d6 4. h3 b6 5. Nd2 Nf6 6. Ngf3 O-O 7. Bd3 e5 8. dxe5
Nd5 9. Bg3 Nc6 10. exd6 cxd6 11. O-O Re8 12. e4 Nf6 13. c3 Nh5 14. Bh2 Be5 15.
Nxe5 dxe5 16. Bb5 Bb7 17. Qb3 Re6 18. Bc4 Na5 19. Qc2 Nxc4 20. Nxc4 Rc8 21.
Nxe5 Re8 22. Rad1 Qg5 23. f4 Qh6 24. Qb3 Re6 25. Rd7 Rf8 26. Rxb7 Nf6 27. Nxf7
Qh5 28. Qxe6 g5 29. Nxg5+ Rf7 30. Nxf7 Kg7 31. Ne5+ Kh6 32. Qxf6+ Qg6 33. Nxg6
1-0

[Event "Tournoi Skype 028B"]
[Site "Skype"]
[Date "????.??.??"]
[Round "2.53"]
[White "Mendoza Lainez, Ricardo Jose"]
[Black "Fuentes, Francisco"]
[Result "1-0"]
[WhiteElo "1137"]
[BlackElo "1000"]
[PlyCount "57"]

1. e4 d5 2. e5 Be6 3. d4 Nc6 4. f4 Nxd4 5. Qxd4 Bg4 6. h3 Bf5 7. Nc3 Bxc2 8.
Nf3 f5 9. Ng5 e6 10. Nxe6 Qe7 11. Nxd5 Qxe6 12. Nxc7+ Kf7 13. Nxe6 Kxe6 14.
Bc4+ Ke7 15. b3 Rc8 16. Ba3+ Ke8 17. Bb5+ Rc6 18. Qxa7 Bxa3 19. Qxa3 Ne7 20.
Qa8+ Kd7 21. Bxc6+ Kxc6 22. Qxh8 Be4 23. Qe8+ Kd5 24. Qxe7 Bxg2 25. Rd1+ Ke4
26. Rg1 Kxf4 27. Rd4+ Ke3 28. Qh4 Kf3 29. Qf2# 1-0

[Event "Tournoi Skype 028B"]
[Site "Skype"]
[Date "????.??.??"]
[Round "2.54"]
[White "Da Silva, Luis Carlos"]
[Black "Pourtahmasbi, Ednun"]
[Result "0-1"]
[WhiteElo "1000"]
[BlackElo "1125"]
[PlyCount "82"]

1. d4 d5 2. e3 Nc6 3. c4 Nf6 4. Nf3 dxc4 5. Bxc4 Bg4 6. Be2 e6 7. O-O Qd7 8.
Nc3 O-O-O 9. a4 Bb4 10. Qb3 Rhe8 11. Re1 Nd5 12. Bd2 Nxc3 13. Bxc3 Bxc3 14.
Qxc3 f5 15. b4 h6 16. b5 Ne7 17. Ne5 Qd5 18. Nxg4 fxg4 19. Bxg4 Ng6 20. Bf3 Qf5
21. Qb2 Nh4 22. Qe2 g5 23. a5 Rf8 24. e4 Qg6 25. h3 Nxf3+ 26. gxf3 h5 27. Qe3
g4 28. hxg4 hxg4 29. f4 Qh7 30. Kf1 Rh8 31. Ke2 Qg6 32. a6 Rh3 33. Qc1 Qxe4+
34. Kd1 Qd3+ 35. Qd2 Qxb5 36. axb7+ Kb8 37. Rxe6 Rd3 38. Rea6 Rxd2+ 39. Kxd2
Rxd4+ 40. Kc3 Qc4+ 41. Kb2 Rd2+ 0-1

[Event "Tournoi Skype 028B"]
[Site "Skype"]
[Date "????.??.??"]
[Round "2.55"]
[White "Duenas Luna, Carlos Eduardo"]
[Black "Conde, Abigail"]
[Result "1-0"]
[WhiteElo "1000"]
[BlackElo "1117"]
[PlyCount "75"]

1. e4 e5 2. Bc4 Nh6 3. d4 c5 4. Bxh6 cxd4 5. Bc1 Bc5 6. Bxf7+ Kxf7 7. Qh5+ g6
8. Qxe5 Re8 9. Qxc5 Rxe4+ 10. Ne2 b6 11. Qd5+ Re6 12. Qxd4 Nc6 13. Qc3 a5 14.
Qd3 Ba6 15. Qf3+ Kg7 16. Be3 d5 17. O-O d4 18. Rd1 Qe7 19. Nxd4 Nxd4 20. Bxd4+
Kg8 21. Qxa8+ Kf7 22. Qxa6 Re1+ 23. Rxe1 Qxe1+ 24. Qf1 Qe4 25. Qc4+ Qe6 26.
Qxe6+ Kxe6 27. Bxb6 a4 28. Nc3 h5 29. Rd1 g5 30. Nxa4 Kf5 31. c4 g4 32. c5 Kf4
33. c6 h4 34. c7 h3 35. g3+ Kf3 36. c8=Q Ke2 37. Qd8 Kf3 38. Qd3# 1-0